Movies by Image #21 - Statistics

General Stats
  • This quiz has been taken 56 times
  • The average score is 5 of 16
Answer Stats
Picture Answer % Correct
Pixels
72%
Zookeeper
64%
Three Men and a Baby
60%
Miracle
36%
The Legend of Bagger Vance
30%
Hoosiers
28%
Kicking & Screaming
28%
The Benchwarmers
26%
Looney Tunes: Back in Action
23%
The Natural
23%
We Are Marshall
23%
Without a Paddle
19%
Burnt
13%
Masterminds
13%
Flight of the Phoenix
9%
The Greatest Game Ever Played
6%
No matching quizzes found
Score Distribution
Percent of People with Each Score
Percentile by Number Answered
Your Score History
You have not taken this quiz